IFM Opac

multilateral sanctions in international law (Record no. 17110)

MARC details
000 -LEADER
fixed length control field 00359nam a22001337a 4500
082 ## - DEWEY DECIMAL CLASSIFICATION NUMBER
Classification number 341.58bro
100 ## - MAIN ENTRY--PERSONAL NAME
Personal name brown-john
245 ## - TITLE STATEMENT
Title multilateral sanctions in international law
260 ## - PUBLICATION, DISTRIBUTION, ETC.
Place of publication, distribution, etc. USA
Name of publisher, distributor, etc. PRAEGER PUBLISHERS,Inc
Date of publication, distribution, etc. 1975
300 ## - PHYSICAL DESCRIPTION
Extent xiv,426p
Other physical details ill;23cm
650 ## - SUBJECT ADDED ENTRY--TOPICAL TERM
Topical term or geographic name entry element multilateral sanctions in international law
700 ## - ADDED ENTRY--PERSONAL NAME
Personal name brown-john
942 ## - ADDED ENTRY ELEMENTS (KOHA)
Koha item type Books
Holdings
Withdrawn status Lost status Source of classification or shelving scheme Damaged status Not for loan Home library Current library Shelving location Date acquired Full call number Barcode Date last seen Price effective from Koha item type
    Dewey Decimal Classification     IFM Main Campus Library IFM Main Campus Library   07/28/2017 341.58bro 0000008476 07/28/2017 07/28/2017 Books